Κ.Π. Καβάφης και η ρωσική ποίηση του "Αργυρού Αιώνα" : τυπολογικές προσεγγίσεις

Αποθηκεύτηκε σε:
Λεπτομέρειες βιβλιογραφικής εγγραφής
Κύριος συγγραφέας: Ιλίνσκαγια, Σόνια, 1938-
Μορφή: Βιβλίο
Γλώσσα:Greek
Δημοσίευση: Αθήνα : Δελφίνι, 1995
Θέματα:
Ετικέτες: Προσθήκη ετικέτας
Δεν υπάρχουν, Καταχωρήστε ετικέτα πρώτοι!

MARC

LEADER 00000nam a2200000 i 4500
001 1/76144
008 980709s1995 gre d
020 |a 960-309-141-3 
035 |l 10032321 
040 |a GR-MY-UA  |b gre  |e aacr 
041 0 |a gre 
082 0 |a 889.12 
100 1 |a Ιλίνσκαγια, Σόνια,   |d 1938- 
245 1 0 |a Κ.Π. Καβάφης και η ρωσική ποίηση του "Αργυρού Αιώνα" :  |b τυπολογικές προσεγγίσεις /  |c Σόνια Ιλίνσκαγια ; απόδοση Μ. Αλεξανδρόπουλος 
260 |a Αθήνα :   |b Δελφίνι,   |c 1995 
300 |a 151 σ. 
500 |a Επίμετρο Εννέα ποιήματα του Μιχαήλ Κούζμιν 
600 1 0 |a Καβάφης, Κωνσταντίνος Π.,   |d 1863-1933. 
650 0 0 |a Poets, Greek  |x Criticism and interpretation. 
650 0 0 |a Russian poetry  |y 20th century. 
852 |a INST  |b RHODES  |e 19990120  |h 889.12 ΙΛΙ  |p 005400005711  |q 005400005711  |t BK  |y 0 
852 |a INST  |b RHODES  |e 19980709  |h 889.12 ΙΛΙ  |p 005400006260  |q 005400006260  |t BK  |y 0 
901 |a BIBL-1998-2 
909 |a Ρ  |b 052815  |c 1997 
909 |a Ρ  |b 055247  |c 1998 
922 |a 4ΕΛΗ  |b 199803  |c ΚΠΣ/ΔΕ  |d EMVASIS 
922 |a 4ΕΛΗ  |b 199711  |c ΧΡΙΣΤΟΔΟΥΛΙΔΟΥ  |d EMVASIS 
970 |z 2000/06/ΚΑΤΕΡΙΝΑ